| Tag |
First Indicator |
Second Indicator |
Subfields |
| LEADER |
00000cam a2200000 i 4500 |
| 001 |
in00000574607 |
| 005 |
20231017155324.3 |
| 008 |
770516t19401940idua 000 0 eng |
| 010 |
|
|
|a 40029591
|
| 016 |
7 |
|
|a 003409436
|2 Uk
|
| 019 |
|
|
|a 560842903
|a 821924216
|
| 029 |
1 |
|
|a NLNZL
|b 998373813502836
|
| 029 |
1 |
|
|a NZ1
|b 7589857
|
| 029 |
1 |
|
|a NZ1
|b 837381
|
| 035 |
|
|
|a (OCoLC)ocm02971284
|
| 035 |
|
|
|a (OCoLC)2971284
|z (OCoLC)560842903
|z (OCoLC)821924216
|
| 035 |
|
|
|a (OCoLC)ocm02971284
|
| 040 |
|
|
|a DLC
|b eng
|e rda
|c DMM
|d STF
|d NIALS
|d OCLCF
|d OCLCO
|d OCLCQ
|d UKNMM
|d UKMGB
|d UBY
|d OCLCO
|d CRMMM
|d OCLCQ
|d OCLCO
|d OCLCQ
|
| 050 |
0 |
0 |
|a G540
|b .S57 1940
|
| 080 |
|
|
|a 656.61.071.22
|
| 082 |
0 |
0 |
|a 910.4
|
| 100 |
1 |
|
|a Smale, Rudolph,
|d 1865-1956,
|e author.
|
| 245 |
1 |
0 |
|a There go the ships /
|c Captain Rudolph Smale ; illustrated with photographs.
|
| 264 |
|
1 |
|a Caldwell, Idaho :
|b The Caxton Printers, Ltd.,
|c 1940.
|
| 264 |
|
4 |
|c ©1940
|
| 300 |
|
|
|a 312 pages :
|b illustrations ;
|c 24 cm
|
| 336 |
|
|
|a text
|b txt
|2 rdacontent
|
| 337 |
|
|
|a unmediated
|b n
|2 rdamedia
|
| 338 |
|
|
|a volume
|b nc
|2 rdacarrier
|
| 500 |
|
|
|a Map on lining-papers; illustrated title pages.
|
| 650 |
|
0 |
|a Seafaring life.
|
| 650 |
|
0 |
|a Voyages and travels.
|
| 650 |
|
6 |
|a Vie en mer.
|
| 650 |
|
6 |
|a Voyages.
|
| 650 |
|
7 |
|a journeys.
|2 aat
|
| 650 |
|
7 |
|a Seafaring life.
|2 fast
|0 (OCoLC)fst01110214
|
| 650 |
|
7 |
|a Voyages and travels.
|2 fast
|0 (OCoLC)fst01169308
|
| 776 |
0 |
8 |
|i Online version:
|a Smale, Rudolph.
|t There go the ships.
|d Caldwell, Id., The Caxton printers, ltd., 1940
|w (OCoLC)652352052
|
| 948 |
|
|
|h HELD BY TXA - 62 OTHER HOLDINGS
|
| 994 |
|
|
|a Z0
|b TXA
|
| 999 |
f |
f |
|s 1688f2e5-424a-3942-babe-f1e0e2158fdf
|i 00a5553c-4772-3d2d-95d5-dbeb0fb380c0
|t 0
|
| 952 |
f |
f |
|p noncirc
|a Texas A&M University
|b College Station
|c Cushing Memorial Library & Archives
|d Cushing: Dykes (Does not check out)
|t 0
|e G540 .S57 1940
|h Library of Congress classification
|i unmediated -- volume
|m A14853121552
|
| 998 |
f |
f |
|a G540 .S57 1940
|t 0
|l Cushing: Dykes (Does not check out)
|